00785nam a2200217 i 4500001000300000245013700003260004000140300004800180504003600228650001400264651003500278655001700313700002500330700003100355020001500386040000800401041000700409080001200416008004100428856009800469bg00aEncyklopedia geograficzna świata.nT. 3,pAmeryka Południowa /c[red. tomu Adam Jelonek, Andrzej Bonasewicz ; red. Adam Jelonek]. aKraków :b[OPRES :bPPWK],c1996. a480 s. :bfot., mapy, rys. kolor. ;c25 cm. aBibliogr. s. 469-470. - Indeks. 9aGeografia 9aAmeryka Południowaxgeografia aEncyklopedie1 aJELONEK, Adam.eRed.1 aBONASEWICZ, Andrzej.eRed. a8385909192 cBPK0 apl a918(03) s pl f |000 0 pol  uhttp://koha.tu.koszalin.pl/cgi-bin/koha/opac-detail.pl?biblionumber=31236yKatalog online BPK